00874nam a2200193Ia 4500001001200000003001000012008004100022040002500063041000700088100002500095240002300120245011200143250001100255260003600266300001200302500034300314650001300657700001000670dg72-32990 IT-MiCISF161014s9999||||xx |||||||||||||| ||und|| aIT-MiCISFcIT-MiCISF aen aJacobs Marie-Josée aFamilies in Europe 0aFamilies in EuropebFighting Social Exclusion of Families by Means of Dialogue 24-26 March 2000, Luxembourg a1a ed. bWorld Family Organizationc2000 app. 171 atesto anche in francese e tedesco. Weber Kusztra D., Meauzè F., Dumon W., Alt C., Jurgens O., Danhel G., Soisson R., Dershumidt L., Sottiaux-Heyman J., Antunes M.H., Galinowska S., Nygaard Christoffersen M., Wilkinson M.F., Neyens M. / famiglia, società, reddito, stratificazione-sociale, disoccupazione, politiche-sociali / documento afamiglia aAA.VV